| 000 | 00744nam a22001577a 4500 | ||
|---|---|---|---|
| 003 | OSt | ||
| 005 | 20151004162452.0 | ||
| 008 | 151004b xxu||||| |||| 00| 0 eng d | ||
| 040 | _cRUA | ||
| 082 | _aAVM CHH 2004 B074 Or.1 | ||
| 100 |
_92014 _aCHHUM, SOVANN. |
||
| 245 | _aevaluating the viability of yeast saccharomyces cerevisiae and its effect on performance of fattening ping (ការវាយតំលៃមេល្បើង saccharomyces cerevisia ដោយចំណុះ និងឥទ្ធិពលនៃការប្រើប្រាស់វានៅក្នុងចំណីជ្រូក នៅវគ្គលូតលាស់) | ||
| 260 |
_aPhnom Penh _bRUA _c2004 |
||
| 300 |
_avi, 40p. _bill. _c29cm. |
||
| 942 |
_2ddc _cAVM |
||
| 999 |
_c1903 _d1903 |
||